Statistics for Countries With The Most Bangladeshi Diaspora

Click here to take the quiz!

General Stats

  • This quiz has been taken 47 times
  • The average score is 11 of 15

Answer Stats

Bangladeshi PopulationCountry% Correct
1,015,389United Kingdom
100%
516,076United States
98%
2,542,083Saudi Arabia
93%
141,081Canada
90%
906,080United Arab Emirates
90%
350,000Kuwait
85%
70,004Australia
80%
1,000,000Malaysia
76%
180,000Bahrain
73%
682,702Oman
68%
150,000Singapore
68%
46,935Japan
63%
307,130Italy
59%
38,643South Korea
59%
184,472Maldives
22%

Score Distribution

Percentile by Number Answered

Percent of People with Each Score

Your Score History

You have not taken this quiz